[Event "H_U_G_O"]
[Site "http://www.queenalice.com/game.php?id=682194"]
[Date "2009.11.12"]
[Round "1"]
[White "filipe_carlos_panice"]
[Black "caiofelipe"]
[Result "0-1"]
[WhiteElo "1217"]
[BlackElo "1292"]

1. e4 Nf6 2. d3 e5 3. Nf3 h6 4. Nc3 g5 5. Nxe5 Nc6 6. Nxc6 dxc6 7. e5 Nd5 8.
Nxd5 cxd5 9. d4 Bb4+ 10. Bd2 a5 11. Bxb4 axb4 12. Qf3 Rg8 13. c4 g4 14. Qf4 c6
15. cxd5 cxd5 16. Qxh6 b3 17. a3 f6 18. exf6 Qa5+ 19. Kd1 Qc7 20. Rc1 Qd7 21.
Rc5 Ra6 0-1

[Event "H_U_G_O"]
[Site "http://www.queenalice.com/game.php?id=682198"]
[Date "2009.11.12"]
[Round "2"]
[White "caiofelipe"]
[Black "mikeddd013"]
[Result "0-1"]
[WhiteElo "1292"]
[BlackElo "1269"]

1. e4 e5 2. Bc4 Qh4 3. Qf3 Nf6 4. g3 Qh6 5. g4 d6 6. Ne2 Bxg4 7. Qb3 Be6 8. d3
Bc8 9. Bxf7+ Ke7 10. Bxh6 gxh6 11. Ng3 d5 12. Bxd5 Bg4 13. Bf7 Bg7 14. Nf5+ Kf8
15. Qe6 Nc6 0-1

[Event "Let's Play Chess!"]
[Site "http://www.queenalice.com/game.php?id=685734"]
[Date "2009.11.21"]
[Round "-"]
[White "caiofelipe"]
[Black "leking"]
[Result "0-1"]
[WhiteElo "1305"]
[BlackElo "1712"]

1. e4 e5 2. Qf3 Nf6 3. g4 Nc6 4. Bc4 Nd4 5. Qg3 Bd6 6. g5 Nxe4 7. Qe3 Nxg5 8. c3
Nc2+ 9. Ke2 Nxe3 10. fxe3 Qf6 11. Na3 O-O 12. Nb5 a6 13. Nxd6 Qxd6 14. h4 Ne4
15. d3 Ng3+ 16. Ke1 Nxh1 0-1

[Event "Challenge"]
[Site "http://www.queenalice.com/game.php?id=687058"]
[Date "2009.11.22"]
[Round "-"]
[White "caiofelipe"]
[Black "FENIX_RJ"]
[Result "0-1"]
[WhiteElo "1295"]
[BlackElo "1536"]

1. Nc3 e5 2. Nf3 Qf6 3. e3 Ne7 4. g4 d5 5. g5 Qc6 6. Nxe5 Qe6 7. f4 Nec6 8. Ng4
Qg6 9. Bg2 Qh5 10. h3 d4 11. Ne4 Qh4+ 12. Ngf2 f5 13. b3 fxe4 14. Bxe4 Nd8 15.
Qg4 Bxg4 16. Rg1 Bxh3 17. c3 c5 18. cxd4 Nd7 19. d5 Nb6 20. Bg2 Bg4 21. Rh1 Qg3
22. Rh3 Qxg2 23. Rh4 Qg1# 0-1

[Event "Challenge"]
[Site "http://www.queenalice.com/game.php?id=694783"]
[Date "2009.12.8"]
[Round "-"]
[White "caiofelipe"]
[Black "extermination"]
[Result "0-1"]
[WhiteElo "1289"]
[BlackElo "1797"]

1. e4 e5 2. Qf3 Nc6 3. Bc4 Nf6 4. g4 Nd4 5. Qe3 Nxc2+ 6. Ke2 Nxe3 7. Kxe3 d6 8.
Nc3 Nxg4+ 9. Ke2 Qf6 10. Nf3 Be6 11. h3 Bxc4+ 12. d3 Ba6 13. hxg4 c6 14. g5 Qf4
15. Rh4 Bxd3+ 16. Kxd3 Qxf3+ 17. Kc2 Qxf2+ 18. Kb3 Qxh4 19. a4 Be7 20. a5 Bxg5
21. Ne2 Bxc1 22. Rxc1 Qxe4 23. Nc3 Qe3 0-1

[Event "Let's Play Chess!"]
[Site "http://www.queenalice.com/game.php?id=699863"]
[Date "2009.12.18"]
[Round "-"]
[White "AwesomeOlga"]
[Black "caiofelipe"]
[Result "1-0"]
[WhiteElo "1459"]
[BlackElo "1305"]

1. d4 e6 2. e4 Qf6 3. Nf3 Bb4+ 4. c3 Be7 5. Bg5 Qg6 6. Bd3 f6 7. e5 Qh5 8. exf6
gxf6 9. Bh4 d5 10. Qa4+ c6 11. Bg3 b5 12. Qa5 Bd8 13. Qa3 Qh6 14. O-O Nd7 15.
Qd6 Nf8 16. Qxc6+ Bd7 17. Qxa8 f5 18. Bc7 Qf6 19. Ne5 Ke7 20. Qxd8# 1-0

[Event "Let's Play Chess!"]
[Site "http://www.queenalice.com/game.php?id=700437"]
[Date "2009.12.20"]
[Round "-"]
[White "Conde7"]
[Black "caiofelipe"]
[Result "1-0"]
[WhiteElo "2739"]
[BlackElo "1287"]

1. e4 Nf6 2. e5 Nd5 3. d4 Nc6 4. c4 Ndb4 5. a3 Na6 6. b4 Ncb8 7. b5 d5 8. cxd5
c6 9. bxa6 bxa6 10. dxc6 Nxc6 11. Nf3 Bg4 12. Be2 Bxf3 13. Bxf3 Nxd4 14. Bxa8
Qxa8 15. Qxd4 Qxg2 16. Qa4+ Kd8 17. Rf1 Qxh2 18. Bf4 Qh3 19. Ra2 f6 20. Rd2+ Kc7
21. Qc4+ Kb7 22. Rb2+ Ka8 23. Qe4# 1-0

[Event "Let's Play Chess!"]
[Site "http://www.queenalice.com/game.php?id=717683"]
[Date "2010.1.21"]
[Round "-"]
[White "spin"]
[Black "caiofelipe"]
[Result "1-0"]
[WhiteElo "1642"]
[BlackElo "1284"]

1. g3 Nf6 2. Bg2 d5 3. Nc3 d4 4. Ne4 b5 5. Nxf6+ gxf6 6. Bxa8 Na6 7. c4 bxc4 8.
b3 Bg4 9. bxc4 Qxa8 10. f3 Bf5 11. Qa4+ Kd8 12. Qxa6 e6 13. g4 Bg6 14. d3 Bc5
15. Qa5 Bb6 16. Qb5 f5 17. c5 Bxc5 18. Qxc5 fxg4 19. Qxd4+ Qd5 20. Qxh8+ Kd7 21.
Rb1 Qxa2 22. Qd4+ Qd5 23. Qxa7 gxf3 24. Qa4+ c6 25. Nxf3 f5 26. Rb7+ Kd6 27.
Ba3+ c5 28. Qd7# 1-0

[Event "Challenge"]
[Site "http://www.queenalice.com/game.php?id=719457"]
[Date "2010.1.24"]
[Round "-"]
[White "babycrocket"]
[Black "caiofelipe"]
[Result "1-0"]
[WhiteElo "1668"]
[BlackElo "1294"]

1. e4 Nf6 2. d3 e5 3. Nf3 Bb4+ 4. c3 Ba5 5. Be2 O-O 6. O-O c6 7. Nxe5 Qe7 8. Nf3
Qc5 9. b4 Qb6 10. bxa5 Qxa5 11. Qc2 Nh5 12. h3 Re8 13. Re1 Na6 14. Nbd2 d5 15.
Nb3 Qa4 16. Nfd4 Nf4 17. Bxf4 dxe4 18. Bf3 c5 19. Bxe4 cxd4 20. Nxd4 Qxc2 21.
Nxc2 Nc5 22. Bxh7+ Kxh7 23. Rxe8 Nxd3 24. Be3 a5 25. Rd1 Nb2 26. Rdd8 1-0

[Event "Let's Play Chess!"]
[Site "http://www.queenalice.com/game.php?id=723367"]
[Date "2010.2.1"]
[Round "-"]
[White "kre"]
[Black "caiofelipe"]
[Result "1-0"]
[WhiteElo "1520"]
[BlackElo "1282"]

1. e4 Nf6 2. Nc3 c6 3. Nf3 b5 4. b4 Na6 5. Bb2 g6 6. Qe2 Nxb4 7. a3 Nxc2+ 8. Kd1
Nxa1 9. Bxa1 a5 10. d3 Qb6 11. e5 Nd5 12. Nxd5 Qc5 13. Nc7+ Kd8 14. Nxa8 Qa7 15.
e6 fxe6 16. Bxh8 Qxa8 17. Ne5 b4 18. Nf7+ Ke8 19. Ng5 c5 20. a4 Bh6 21. Ne4 d5
22. Nxc5 Kf7 23. Bd4 Qc6 24. h4 b3 25. g4 e5 26. Qxe5 Bxg4+ 27. Be2 Bxe2+ 28.
Qxe2 Bg7 29. Bxg7 Qxc5 30. Bh6 d4 31. Qb2 Qc6 32. Qxb3+ e6 33. Rh3 Qg2 34. Qb7+
Kf6 35. Qxg2 1-0

[Event "Let's Play Chess!"]
[Site "http://www.queenalice.com/game.php?id=730640"]
[Date "2010.2.12"]
[Round "-"]
[White "PGeon"]
[Black "caiofelipe"]
[Result "1-0"]
[WhiteElo "1553"]
[BlackElo "1292"]

1. g3 Nf6 2. Bg2 d5 3. e3 Bg4 4. Bf3 h5 5. Bxg4 hxg4 6. d4 e6 7. a3 Ne4 8. Qxg4
f5 9. Qg6+ Kd7 10. Nf3 Rh6 11. Qf7+ Qe7 12. Qxe7+ Bxe7 13. Ne5+ Ke8 14. h4 g5
15. h5 Na6 16. b4 c5 17. bxc5 Naxc5 18. a4 a6 19. Ba3 b6 20. c4 dxc4 21. Nxc4 b5
22. Bxc5 1-0

[Event "Challenge"]
[Site "http://www.queenalice.com/game.php?id=734339"]
[Date "2010.2.19"]
[Round "-"]
[White "archangel"]
[Black "caiofelipe"]
[Result "1-0"]
[WhiteElo "1815"]
[BlackElo "1286"]

1. d4 f6 2. e4 Nc6 3. d5 Ne5 4. Bf4 d6 5. Bb5+ c6 6. Bxe5 dxe5 7. dxc6 bxc6 8.
Bxc6+ Bd7 9. Bxa8 Qxa8 10. Nc3 g6 11. Nd5 Qc8 12. Nf3 e6 13. Ne3 1-0

[Event "Challenge"]
[Site "http://www.queenalice.com/game.php?id=736187"]
[Date "2010.2.22"]
[Round "-"]
[White "caiofelipe"]
[Black "babycrocket"]
[Result "0-1"]
[WhiteElo "1276"]
[BlackElo "1734"]

1. Nh3 e5 2. e4 d6 3. Qf3 h6 4. Bc4 Nf6 5. g4 Bxg4 6. Qg3 Qd7 7. f3 Bxh3 8. a3
Be6 9. b3 Nc6 10. O-O Nd4 11. c3 Bxc4 12. bxc4 Ne2+ 13. Kg2 Nxg3 14. d3 Nxf1 15.
Kxf1 Qh3+ 16. Kf2 Qxh2+ 17. Ke3 Qf4+ 18. Ke2 Qxc1 0-1

[Event "Let's Play Chess!"]
[Site "http://www.queenalice.com/game.php?id=1191778"]
[Date "2013.6.18"]
[Round "-"]
[White "caiofelipe"]
[Black "gambittree3"]
[Result "0-1"]
[WhiteElo "1272"]
[BlackElo "1289"]

1. Nf3 Nf6 2. d3 d6 3. Bg5 Bg4 4. Bxf6 gxf6 5. Nd4 e5 6. Nb5 c6 7. N5c3 Nd7 8.
f3 Be6 9. g4 Bg7 10. Na3 O-O 11. b4 a6 12. Bg2 c5 13. bxc5 Nxc5 14. f4 f5 15.
fxe5 dxe5 16. e3 e4 17. O-O exd3 18. cxd3 Bxc3 19. Rc1 Bb4 20. Nc4 Qxd3 21. Nb2
Qxe3+ 22. Rf2 Rad8 23. Qe2 Qxe2 24. Rxe2 b6 0-1

[Event "Let's Play Chess!"]
[Site "http://www.queenalice.com/game.php?id=1193314"]
[Date "2013.6.22"]
[Round "-"]
[White "caiofelipe"]
[Black "charles31"]
[Result "0-1"]
[WhiteElo "1274"]
[BlackElo "1818"]

1. e4 e5 2. Qf3 Nf6 3. Bc4 Nc6 4. a3 Bc5 5. g4 Nd4 6. Qd3 d6 7. g5 Nh5 8. c3 Nf4
9. Qe3 Nc2+ 10. Kd1 Bxe3 11. fxe3 Nxa1 12. exf4 exf4 13. Nh3 Bxh3 14. Bf1 Bg4+
15. Ke1 Qxg5 16. b4 Nc2+ 17. Kf2 Qh4+ 18. Kg1 Bf3 19. Bg2 Qg4 0-1

[Event "Let's Play Chess!"]
[Site "http://www.queenalice.com/game.php?id=1193689"]
[Date "2013.6.24"]
[Round "-"]
[White "caiofelipe"]
[Black "ketchuplover"]
[Result "0-1"]
[WhiteElo "1257"]
[BlackElo "1843"]

1. e4 Nf6 2. e5 Nd5 3. Bc4 c6 4. Qf3 e6 5. Nh3 Be7 6. d3 b5 7. Bb3 a5 8. Ng5
Bxg5 9. O-O a4 10. Bxd5 cxd5 11. g3 Bxc1 12. Rxc1 O-O 13. b3 f6 14. Nc3 fxe5 15.
Qh5 Qb6 16. bxa4 Qxf2+ 17. Kh1 b4 18. Nd1 Qf1# 0-1

[Event "Let's Play Chess!"]
[Site "http://www.queenalice.com/game.php?id=1194912"]
[Date "2013.6.28"]
[Round "-"]
[White "spawnwolfwolverine"]
[Black "caiofelipe"]
[Result "1-0"]
[WhiteElo "1692"]
[BlackElo "1255"]

1. d4 e6 2. e3 Qh4 3. Nf3 Qe4 4. Bd3 Qd5 5. O-O Bd6 6. Nc3 Qh5 7. Ne5 Qh6 8. Qf3
f6 9. Ng4 Qh5 10. Ne4 f5 11. Nxd6+ cxd6 12. Nf6+ Nxf6 13. Qxh5+ Nxh5 14. c4 f4
15. exf4 d5 16. cxd5 Na6 17. Bxa6 bxa6 18. dxe6 dxe6 19. b3 Rf8 20. g3 Rf6 21.
Be3 Bb7 22. Rac1 a5 23. Rc7 Bf3 24. a3 Rf7 25. Rxf7 Kxf7 26. Rc1 e5 27. dxe5 Rb8
28. Bxa7 Rxb3 29. Bc5 g5 30. fxg5 Ng7 31. h4 Nf5 32. Bd6 Nxd6 33. exd6 Rxa3 34.
Rc7+ Ke6 35. Kh2 Kxd6 36. Rxh7 Ra1 37. g4 Bxg4 38. g6 Be6 39. g7 Rh1+ 40. Kxh1
a4 41. Rh6 1-0

[Event "Let's Play Chess!"]
[Site "http://www.queenalice.com/game.php?id=1194914"]
[Date "2013.6.28"]
[Round "-"]
[White "giorgiono"]
[Black "caiofelipe"]
[Result "1-0"]
[WhiteElo "1218"]
[BlackElo "1255"]

1. e4 Nf6 2. e5 Nd5 3. c4 Nf4 4. d4 g5 5. Nf3 d6 6. Nxg5 e6 7. Bxf4 Bh6 8. h4
dxe5 9. Bxe5 Rg8 10. Nxf7 Qe7 11. Nxh6 Rg7 12. Bxg7 Qxg7 13. Qh5+ Qg6 14. Qe5
Na6 15. Qh8+ Kd7 16. Ng8 Qe4+ 17. Be2 Qc2 18. Nd2 Qxb2 19. Rd1 Qxa2 20. Qg7+ Kc6
21. Ne7+ Kb6 22. c5+ Ka5 23. O-O e5 24. Ra1 Qa4 25. Rxa4+ Kxa4 26. Ra1+ Kb4 27.
Qg3 exd4 28. Qb3+ Kxc5 29. Qd5+ Kb4 30. Qxd4# 1-0

[Event "Challenge"]
[Site "http://www.queenalice.com/game.php?id=1195394"]
[Date "2013.6.29"]
[Round "-"]
[White "caiofelipe"]
[Black "YUDAO"]
[Result "0-1"]
[WhiteElo "1257"]
[BlackElo "1100"]

1. e3 e5 2. Bc4 d5 3. Bb3 e4 4. Nc3 c6 5. f3 f5 6. Nh3 Qh4+ 7. Ke2 Nf6 8. Qe1
Qh6 9. d3 Bb4 10. fxe4 fxe4 11. dxe4 Nxe4 12. Rf1 Rf8 13. a3 Bg4+ 14. Rf3 Bxc3
15. bxc3 Bxf3+ 16. gxf3 Qxh3 17. fxe4 Qf3+ 18. Kd2 Qg2+ 19. Kd3 dxe4+ 20. Kd4 b5
21. Qg3 Qxg3 22. hxg3 Na6 23. Kxe4 Rd8 24. c4 Nc5+ 25. Ke5 g6 26. cxb5 Rf5# 0-1

[Event "OS INCLIVEIS"]
[Site "http://www.queenalice.com/game.php?id=1196644"]
[Date "2013.7.3"]
[Round "-"]
[White "adelio"]
[Black "caiofelipe"]
[Result "1-0"]
[WhiteElo "1731"]
[BlackElo "1253"]

1. d4 d5 2. e4 c6 3. e5 f6 4. Nf3 f5 5. Bd3 g6 6. h4 Nd7 7. h5 Qa5+ 8. c3 Nb6 9.
a3 Be6 10. hxg6 h6 11. Rh5 O-O-O 12. a4 f4 13. b4 Qa6 14. Bxa6 bxa6 15. Rh4 Bf5
16. Ng5 Bxb1 17. Ne6 Bg7 18. Rxb1 Nc4 19. Nxg7 a5 20. Ne6 f3 21. Qxf3 axb4 22.
Nxd8 1-0